| 000 | 00810nam a2200253Ia 4500 | ||
|---|---|---|---|
| 001 | 22019 | ||
| 005 | 20260320113334.0 | ||
| 008 | 260320s9999||||xx |||||||||||||| ||und|| | ||
| 041 | _aESP | ||
| 082 |
_a342.211 _bF42 |
||
| 100 |
_aFernández Sessarego, Carlos, _eAUT |
||
| 245 | 0 |
_aLibertad, constitución y derechos humanos _b |
|
| 246 |
_a _5 _b |
||
| 250 | _aPrimera edición | ||
| 260 |
_aLima : _bSan Marcos, _c2003 |
||
| 300 |
_a129 páginas : _b _c21 cm. _e |
||
| 440 |
_a(Clásicos del derecho _n; volumen 1) _v |
||
| 650 | _aCIS | ||
| 653 | _aDerechos humanos; Libertad (Derecho) | ||
| 654 | _aDER | ||
| 700 |
_aParedes Galván, Aníbal Jesús, _cEDT |
||
| 856 |
_uhttps://0u214nks6-y-https-app-vlex-com.itmsp.museknowledge.com/ _zVéase además: Base de datos Vlex |
||
| 942 |
_cLIB _dJUS _fMAT _2ddc _n |
||
| 999 |
_c22019 _d22019 |
||